00835nam a22001577a 450000500170000000800410001702000160005805000170007410000030009124500900009425000120018426000550019630000310025150000200028250503750030220230615121833.0230615b ||||| |||| 00| 0 eng d a97884480633 aHD3.N289(5e)  aBusiness in context: an introduction to business and its environment /cDavid Needle. a5th ed. aHampshire:bSouth-Western Cengage learning,c2010. axxii,578 p :bill. ;c25cm aIncludes index. aContents : The concept of business in context 1-- Globalization-- Economy and the state-- Technology and Labor-- Cultural and Institutional Frameworks-- Organizational aspects of business-- Management and Leadership-- Strategy-- Business Ethics and Corporate Social Responsibility--Innovation-- Operations-- Marketing-- Human Resource Management-- Finance and Accounting